Statistics for 1・2桁国道の起点と終点

Click here to take the quiz!

General Stats

  • This quiz has been taken 476 times
  • The average score is 48 of 66

Answer Stats

番号起点終点% Correct
1東京都中央区大阪府大阪市
97%
2大阪府大阪市
97%
青森県青森市
95%
3福岡県北九州市
93%
7新潟県新潟市
93%
58鹿児島県鹿児島市
93%
山口県下関市
91%
9京都府京都市
91%
45宮城県仙台市
90%
12北海道札幌市
90%
5北海道函館市
89%
19愛知県名古屋市
88%
長野県長野市
86%
39北海道旭川市
85%
愛媛県松山市
85%
11徳島県徳島市
84%
16神奈川県横浜市
84%
秋田県秋田市
83%
沖縄県那覇市
83%
51千葉県千葉市
82%
33高知県高知市
82%
北海道稚内市
82%
和歌山県和歌山市
82%
30岡山県岡山市
80%
32香川県高松市
80%
28兵庫県神戸市
80%
山形県山形市
80%
長崎県長崎市
79%
13福島県福島市
78%
鳥取県鳥取市
78%
富山県富山市
78%
北海道釧路市
77%
岐阜県岐阜市
77%
44北海道釧路市
77%
54広島県広島市
77%
北海道根室市
77%
島根県松江市
77%
18群馬県高崎市
77%
茨城県水戸市
73%
46岩手県盛岡市
72%
北海道網走市
72%
57大分県大分市
72%
25三重県四日市市
70%
52静岡県静岡市
70%
山梨県甲府市
70%
49福島県いわき市
69%
50群馬県前橋市
68%
北海道室蘭市
65%
新潟県上越市
65%
42静岡県浜松市
65%
長崎県佐世保市
63%
23愛知県豊橋市
63%
29兵庫県姫路市
62%
27福井県敦賀市
60%
三重県伊勢市
60%
長野県塩尻市
58%
山形県酒田市
57%
34佐賀県鳥栖市
56%
滋賀県米原市
54%
37北海道長万部町
49%
38北海道滝川市
43%
広島県呉市
36%
35佐賀県武雄市
32%
21岐阜県瑞浪市
23%
京都府京丹波町
22%
31広島県海田町
20%

Score Distribution

Percentile by Number Answered

Percent of People with Each Score

Your Score History

You have not taken this quiz